| 000 | 00384nam a2200157Ia 4500 | ||
|---|---|---|---|
| 999 |
_c30818 _d30818 |
||
| 003 | OSt | ||
| 005 | 20250703150943.0 | ||
| 008 | 250310s9999||||xx |||||||||||||| ||und|| | ||
| 040 | _c. | ||
| 082 |
_a770.232 _bP373 |
||
| 100 |
_96091 _aPeek, Louis |
||
| 245 | 0 |
_aCash from your camera / _cLouis Peek |
|
| 260 |
_aLondon : _bFountain press : _c1970. |
||
| 300 | _a167 p. | ||
| 942 |
_cBK _2ddc |
||